| 000 | 01065nas a2200361 4500 | ||
|---|---|---|---|
| 001 | BR0502529 | ||
| 003 | BR-BrBNA | ||
| 005 | 20231205105343.0 | ||
| 007 | ta | ||
| 008 | 230509b bl.|||p| |||| 00| 00por d | ||
| 040 |
_aBR-BrBNA _bpor _cBiblioteca Nacional de Agricultura |
||
| 041 | _a(Pt) | ||
| 072 | _aF01; F02 | ||
| 100 | 1 | _aPaulus, D. | |
| 100 | 1 | _aMedeiros, S.L.P. | |
| 100 | 1 | _aSantos, O.S. | |
| 100 | 1 | _aManfron, P.A. | |
| 100 | 1 | _aDourado, D.N. | |
| 100 | 1 | _aBorcioni, E. | |
| 100 | 1 | _aFabrin, E. | |
| 245 | 1 | _aRendimento de biomassa e óleo essencial de menta japonesa (Mentha arvensis L.) | |
| 650 | _aMENTA | ||
| 650 | _aMENTHA ARVENSIS | ||
| 650 | _aPLANTA AROMÁTICA | ||
| 650 | _aÓLEO ESSENCIAL | ||
| 650 | _aRENDIMENTO | ||
| 650 | _aCULTIVO HIDROPÔNICO | ||
| 650 | _aSUBSTRATO DE CULTURA | ||
| 650 | _aTRANSPLANTE DE PLANTA | ||
| 773 | 0 |
_tRevista Brasileira de Plantas Medicinais (Brazil) _xISSN 1516-0572 _g(Oct 2004), v. 7(1) p. 34-42 _wBR0502529 |
|
| 909 |
_a202311 _bLúcia _c55 _dLúcia Elande |
||
| 942 |
_2AGRIS _n0 _cANA |
||
| 999 |
_c182525 _d182525 |
||